First Gulf War Match Quiz Stats

 Plays Quiz Updated Mar 25, 2019

Score 0/20 Timer 05:00
0 Plays Today
% Correct
Saddam
98.6%
Desert
98.2%
George
98%
Margaret
97.7%
Dick
97.3%
Saudi
97%
Colin
94.1%
Kuwait
91.5%
Patriot
89.6%
Desert
89.3%
% Correct
Arab
87.9%
Norman
87.7%
Republican
86.6%
Hosni
83.9%
James
79.7%
Tariq
72.3%
Hafez
70.3%
Shia
67.6%
Brent
65.9%
April
44%

You're not logged in!

Compare scores with friends on all Sporcle quizzes.
OR
Log In

Sporcle TV

Today on Sporcle TV


Watch our educational content, quiz creation guides, and fun videos on Sporcle TV.

Show Comments

Extras

Top Quizzes Today


Score Distribution

Your Account Isn't Verified!

In order to create a playlist on Sporcle, you need to verify the email address you used during registration. Go to your Sporcle Settings to finish the process.

Report this User

Report this user for behavior that violates our Community Guidelines.

Details: